| 000 | 00345nam a2200133Ia 4500 | ||
|---|---|---|---|
| 008 | 230312s9999||||xx |||||||||||||| ||und|| | ||
| 082 |
_a621.38 _bTHE-E |
||
| 100 | _aTheraja,B.L. | ||
| 245 | 0 | _aElectrical Technology | |
| 300 | _a1399 | ||
| 546 | _aEng. | ||
| 650 |
_aEngineering _vElectric Current and Ohm's Law , DC Network Theorms |
||
| 942 | _cBK | ||
| 999 |
_c6417 _d6417 |
||